| 000 | 00809nai a2200217Ia 4500 | ||
|---|---|---|---|
| 003 | IN-BaIIA | ||
| 008 | 211028c9999 xx s 000 0 eng d | ||
| 022 | _a0885-8993 (Print) | ||
| 022 | _a1941-0107 (Online) | ||
| 040 | _cIIA Library | ||
| 245 | 0 |
_aIEEE Transactions on Power Electronics _h[eJournal] |
|
| 260 |
_aNew York, USA _bThe Institute of Electrical and Electronics Engineers, Inc. (IEEE) |
||
| 310 | _aMonthly | ||
| 362 | _aPE-1(1); 1986 - Present | ||
| 521 | _bSubscribed through National Knowledge Resource Consortium (NKRC) | ||
| 650 | _a Aerospace | ||
| 650 | _a Communication, Networking and Broadcast Technologies | ||
| 650 | _aPower, Energy and Industry Applications | ||
| 856 |
_uhttps://ieeexplore.ieee.org/servlet/opac?punumber=63 _yClick Here to Access eJournal |
||
| 942 | _cEJ | ||
| 999 |
_c34721 _d34721 |
||